লোডিং...

Nissabdarayirikkan Ningalkkenthadhikaram?

গ্রন্থ-পঞ্জীর বিবরন
প্রধান লেখক: Poulose Mar Poulose
বিন্যাস: Printed Book
ভাষা:Malayalam
প্রকাশিত: Febian Books, Nooranad Febian Books, Nooranad 1998
LEADER 00497nam a2200121Ia 4500
008 111205s9999 xx 000 0 mal d
100 |a Poulose Mar Poulose 
245 |a Nissabdarayirikkan Ningalkkenthadhikaram?  |c Poulose Mar Poulose 
260 |b Febian Books, Nooranad  |a Febian Books, Nooranad  |c 1998 
300 |a 143 
942 |c BK 
999 |c 208573  |d 208573 
952 |0 0  |1 0  |2 ddc  |4 0  |6 854_000000000000000_7B1_NIS  |7 0  |9 230654  |a MAL  |b MAL  |c ST1  |d 2011-12-05  |g 60.00  |l 0  |o 854.7B1 NIS  |p MAL25740  |r 2011-12-05  |v 60.00  |w 2011-12-05  |y BK